000 00721nam a22002057a 4500
003 DO-SdBNP
005 20250611073818.0
007 ta
008 210510e2020 dr ||||er|||| 001 0 spa d
040 _aDO-SdBNP
_bspa
_cBNPHU
041 _hspa
082 4 _bR426e
110 1 _aRepública Dominicana.
_bMinisterio de Salud Pública
_980830
245 1 0 _aEstrategia nacional para la implementación de la profilaxis pre-exposición (PrEP) en la República Dominicana /
260 _aSanto Domingo:
_bMinisterio de Salud Pública,
_bCentro para el Control y Prevención de Enfermedades (DCD),
_c2020
300 _a22 p. ;
_c25 cm
504 _aBibliografía : p. 21
590 _aInventariado, 2021 /MF
942 _2ddc
_cLF2
999 _c49806
_d49806